000 02745nam a2200265 a 4500
001 ASIN0804732515
005 20170105102903.0
008 131021s1999 xxu eng d
020 _a0804732515 (paperback)
_c$21.95
020 _a9780804732512 (paperback)
040 _a0
050 0 4 _aPN4731
082 0 4 _a070.4
100 1 _aEsch, Deborah.
245 1 0 _aIn the event :
_breading journalism, reading theory /
_cDeborah Esch.
250 _a1st ed.
260 _a[S.l.] :
_bStanford University Press,
_c1999.
300 _a200 p. ;
_c22 cm.
490 1 _aMeridian: crossing aesthetics.
520 _aAssuming the burden of reading imposed by the correlation of the order of language and the order of events, this book argues that the possibility of reading and writing history is tied to the endurance of traces of the past and their coming to legibility, allegorically, at a given time. Through attentive readings of a range of texts—including theoretical writings, diaries, newspaper reports, and "live" television broadcasts— In the Event elaborates the ways in which allegory disrupts our presumptions of continuity and simultaneity between the image (whatever its medium) and what we take it to represent. The author demonstrates that a theoretical corpus must be understood not merely as a discrete set of arguments, but as work that takes place in time and on which time itself is at work. Against the temptation to regard a text (including a text of philosophical aesthetics or critical linguistics) as explained or defined by a fixed temporal context, this book emphasizes the textual operation of time. This attention to temporality opens the possibility of reading the notoriously difficult and resistant text of television. The book's central chapters analyze the seductions of "live" broadcasting: an incisive account of news coverage of the Gulf War, for example, reveals how the unproblematic articulation of "live" television with the real has its impulse in a broader realist ideology that finds its opportunity in the failure to reflect on the distances of space and time that characterize the medium. The author also explores the very different punctuality of the journal in evocative readings of the diaries of Alice James and Derek Jarman, both "journals of survival" written at the uncertain boundary of life and death. Here, and throughout the book, the readings argue that what we take to be historical events are actually produced, even constituted, by an array of discursive technologies, including language itself.
650 0 _aJournalism
830 0 _aMeridian: crossing aesthetics.
856 4 0 _3Amazon.com
_uhttp://www.amazon.com/exec/obidos/ASIN/0804732515/chopaconline-20
942 _2ddc
_cBK
999 _c14745
_d14745